[Event "Bergens SK Vårturnering 2023"]
[Site "Bergens Schakklub"]
[Date "2023.02.07"]
[Round "5"]
[White "Larsen, Stig Børje"]
[Black "Fossheim, Yngve Götestam"]
[Result "0-1"]
[WhiteElo "1734"]
[BlackElo "2038"]
[PlyCount "116"]
[EventDate "2023.??.??"]

1. e4 c5 2. Nf3 g6 3. d4 cxd4 4. Nxd4 Nc6 5. c4 Nf6 6. Nc3 d6 7. Be2 Nxd4 8.
Qxd4 Bg7 9. Bg5 O-O 10. Qd2 a5 11. O-O a4 12. Rab1 Qa5 13. f3 Be6 14. Nd5 Qxd2
15. Nxe7+ Kh8 16. Bxd2 Rfe8 17. Nd5 Nxd5 18. cxd5 Bxd5 19. Bb5 Bd4+ 20. Kh1
Bxa2 21. Rbc1 Rec8 22. Rxc8+ Rxc8 23. Bxa4 Bxb2 24. g4 Kg7 25. Rd1 Rc4 26. Bb5
Rd4 27. Be2 b5 28. Be1 Rxd1 29. Bxd1 Ba3 30. Bg3 Kf6 31. Kg1 Ke7 32. Be2 Bc4
33. Kf1 Kd7 34. Bxc4 bxc4 35. Ke1 Ke6 36. h4 d5 37. exd5+ Kxd5 38. Kd2 h5 39.
gxh5 gxh5 40. Kc3 Bc5 41. Be1 Be7 42. Bf2 Bf6+ 43. Kb4 Ke5 44. Kxc4 Kf4 45. Kd3
Kxf3 46. Be1 Kg4 47. Ke2 Bxh4 48. Ba5 f5 49. Kf1 Kf3 50. Bb6 Bg3 51. Kg1 h4 52.
Ba7 Ke2 53. Kh1 f4 54. Bc5 f3 55. Bb6 Bf4 56. Bf2 Bg3 57. Bc5 Be1 58. Bg1 Bd2
0-1

[Event "Bergens SK Vårturnering 2023"]
[Site "Bergens Schakklub"]
[Date "2023.02.07"]
[Round "5"]
[White "Lien, Sebastian"]
[Black "Hitland, Adrian"]
[Result "1-0"]
[WhiteElo "1618"]
[BlackElo "1529"]
[PlyCount "61"]
[EventDate "2023.??.??"]

1. d4 d5 2. c4 c6 3. cxd5 cxd5 4. Nc3 Nc6 5. Nf3 Bf5 6. Qb3 Qd7 7. Nxd5 O-O-O
8. Nc3 Nxd4 9. Nxd4 Qxd4 10. Be3 Qd7 11. Rd1 Qc7 12. Rxd8+ Kxd8 13. Qxf7 Nf6
14. Qb3 b6 15. Nb5 Bc2 16. Qe6 Qd7 17. Qxd7+ Kxd7 18. Nxa7 e6 19. Nb5 Nd5 20.
Bd2 Bc5 21. a3 Kc6 22. e3 Ba4 23. Nc3 Bb3 24. Bb5+ Kc7 25. Nxd5+ Bxd5 26. Bc3
Bd6 27. f3 Bc6 28. Bxc6 Kxc6 29. Kf2 e5 30. Rd1 Rf8 31. Rxd6+
1-0

[Event "Bergens SK Vårturnering 2023"]
[Site "Bergens Schakklub"]
[Date "2023.02.07"]
[Round "5"]
[White "Christoffersen, Odd"]
[Black "Flaten, Siver"]
[Result "1-0"]
[WhiteElo "1510"]
[BlackElo "1345"]
[PlyCount "95"]
[EventDate "2023.??.??"]

1. Nf3 Nf6 2. c4 g6 3. Nc3 Nc6 4. d4 d5 5. e3 Bg7 6. cxd5 Nxd5 7. Be2 O-O 8.
O-O e5 9. Nxd5 Qxd5 10. dxe5 Qxd1 11. Rxd1 Nxe5 12. a4 Be6 13. Nd4 Bd7 14. Bd2
Rfd8 15. a5 Nc6 16. Bc3 Nxd4 17. Bxd4 Bc6 18. Bxg7 Kxg7 19. Kf1 Kf6 20. Bc4 Ke7
21. f3 f6 22. Ke2 Rxd1 23. Rxd1 Rd8 24. Rxd8 Kxd8 25. g3 a6 26. Bg8 Ke7 27. e4
h6 28. Ke3 Bd7 29. Bd5 c6 30. Bc4 Be6 31. Kd4 Bxc4 32. Kxc4 Kd6 33. f4 h5 34.
h4 c5 35. e5+ fxe5 36. fxe5+ Kxe5 37. Kxc5 Kf5 38. Kb6 Kg4 39. Kxb7 Kxg3 40.
Kxa6 Kxh4 41. Kb6 g5 42. a6 g4 43. a7 g3 44. a8=Q Kh3 45. Qh1+ Kg4 46. Kc5 h4
47. Kd4 h3 48. Ke3
1-0

[Event "Bergens SK Vårturnering 2023"]
[Site "Bergens Schakklub"]
[Date "2023.02.07"]
[Round "5"]
[White "Bjarnason, Snorri Vikanes"]
[Black "Høyforsslett, Gard Rye"]
[Result "1-0"]
[WhiteElo "1676"]
[BlackElo "1798"]
[PlyCount "97"]
[EventDate "2023.??.??"]

1. c4 c6 2. Nf3 Nf6 3. b3 d5 4. Bb2 Bf5 5. g3 h6 6. Bg2 e6 7. O-O Bd6 8. d4 O-O
9. Nc3 Nbd7 10. e3 Re8 11. Ne2 a5 12. Nf4 b5 13. cxb5 cxb5 14. Nd3 Qb6 15. Qe2
a4 16. Nde5 a3 17. Bc3 b4 18. Bd2 Bxe5 19. dxe5 Ne4 20. Rfc1 Rec8 21. h3 Nec5
22. Bf1 Nd3 23. Rxc8+ Rxc8 24. Nd4 Bg6 25. f4 Be4 26. Qd1 Nb2 27. Qe1 Rb8 28.
Be2 Nc5 29. Qf1 Bd3 30. Rc1 Bxe2 31. Qxe2 Nbd3 32. Rc2 Qa6 33. Kh2 g6 34. g4
Qc8 35. Be1 Qf8 36. Bh4 Nb2 37. Nc6 Rb7 38. Ne7+ Rxe7 39. Rxc5 Rb7 40. Qc2 Rb8
41. Rc7 Qe8 42. Bf6 Ra8 43. h4 Nc4 44. bxc4 Qb8 45. cxd5 b3 46. axb3 a2 47.
dxe6 a1=Q 48. exf7+ Kf8 49. Qc5#
1-0

[Event "Bergens SK Vårturnering 2023"]
[Site "Bergens Schakklub"]
[Date "2023.02.14"]
[Round "6"]
[White "Manne, Per Erik"]
[Black "Engelsen, Teodor Tenfjord"]
[Result "1/2-1/2"]
[WhiteElo "2186"]
[BlackElo "1780"]
[PlyCount "160"]
[EventDate "2023.??.??"]

1. d4 Nf6 2. Nf3 d5 3. c4 e6 4. Nc3 Be7 5. Bg5 O-O 6. e3 h6 7. Bh4 b6 8. cxd5
Nxd5 9. Bxe7 Qxe7 10. Nxd5 exd5 11. Be2 Bb7 12. O-O Nd7 13. Rc1 c5 14. dxc5
bxc5 15. Qc2 Rac8 16. Qf5 Qe6 17. Bd3 Qxf5 18. Bxf5 Rfd8 19. Rfd1 g6 20. Bxd7
Rxd7 21. Rc3 Rdc7 22. Rdc1 Kg7 23. Ne5 g5 24. Nd3 c4 25. Ne5 Kf6 26. Nf3 Bc6
27. Nd4 Bd7 28. Kf1 Bf5 29. Ke1 Rb8 30. b3 Rbc8 31. Kd2 Be6 32. bxc4 dxc4 33.
Rb1 Rc5 34. Rb4 Ra5 35. a3 h5 36. f3 Ke5 37. Rb7 Rcc5 38. Rb8 Ra6 39. Rh8 h4
40. Rh5 Kf6 41. f4 Kg6 42. Rxg5+ Rxg5 43. fxg5 Kxg5 44. e4 Kf4 45. Nxe6+ fxe6
46. Rxc4 Rxa3 47. e5+ Kxe5 48. Rxh4 Ra2+ 49. Ke3 Rxg2 50. Rh5+ Kf6 51. Rh7 a5
52. Ra7 Rxh2 53. Rxa5 Rh3+ 54. Ke4 Rh4+ 55. Ke3 Rb4 56. Kf3 Rb6 57. Ke4 e5 58.
Ra4 Ke6 59. Rc4 Kd6 60. Ra4 Rc6 61. Rb4 Ra6 62. Rc4 Ra1 63. Rb4 Re1+ 64. Kd3
Rh1 65. Rb8 Rh3+ 66. Ke4 Rh4+ 67. Ke3 Ke7 68. Rb6 Rd4 69. Ra6 Rd6 70. Rxd6 Kxd6
71. Ke4 Ke6 72. Ke3 Kf5 73. Kf3 e4+ 74. Ke3 Ke5 75. Ke2 Kf4 76. Kf2 e3+ 77. Ke2
Ke4 78. Ke1 Kf3 79. Kf1 e2+ 80. Ke1 Ke3
1/2-1/2

[Event "Bergens SK Vårturnering 2023"]
[Site "Bergens Schakklub"]
[Date "2023.02.14"]
[Round "6"]
[White "Texe, Eirik"]
[Black "Flaten, Siver"]
[Result "0-1"]
[WhiteElo "1592"]
[BlackElo "1345"]
[PlyCount "94"]
[EventDate "2023.??.??"]

1. d4 d5 2. Nf3 Nf6 3. c4 c6 4. Nc3 e6 5. cxd5 exd5 6. Bg5 Bf5 7. Qb3 Qb6 8.
Bxf6 gxf6 9. e3 Qxb3 10. axb3 Bc2 11. Nd2 Nd7 12. Be2 Bd6 13. f3 Bg6 14. e4 Nb6
15. O-O Bf4 16. Rfd1 Be3+ 17. Kh1 Bxd4 18. Ndb1 Bxc3 19. Nxc3 dxe4 20. Nxe4
Bxe4 21. fxe4 O-O 22. Bg4 a6 23. Rd3 Rad8 24. Rad1 Rxd3 25. Rxd3 Re8 26. Rg3
Kf8 27. Re3 Nd5 28. Re2 Nf4 29. Re3 Rd8 30. g3 Nd3 31. Kg2 Nxb2 32. e5 Re8 33.
Kf1 Rxe5 34. Rxe5 fxe5 35. Ke2 a5 36. Bc8 b6 37. Bd7 c5 38. Bb5 Ke7 39. Kd2 e4
40. Bc6 f5 41. g4 Kf6 42. h4 Nd3 43. g5+ Kf7 44. Ke3 Ke6 45. h5 Nb4 46. Bd7+
Kxd7 47. g6 Nd5+
0-1

[Event "Bergens SK Vårturnering 2023"]
[Site "Bergens Schakklub"]
[Date "2023.02.14"]
[Round "6"]
[White "Selbekk, Vebjørn"]
[Black "Larsen, Stig Børje"]
[Result "1/2-1/2"]
[WhiteElo "1865"]
[BlackElo "1734"]
[PlyCount "169"]
[EventDate "2023.??.??"]

1. d4 g6 2. e4 Bg7 3. Nf3 d6 4. c4 c5 5. Be3 cxd4 6. Bxd4 Nf6 7. Nbd2 O-O 8. g3
Nc6 9. Bc3 Be6 10. Ng5 Bg4 11. Be2 Bd7 12. h4 h6 13. Nh3 e5 14. Qb3 Qc8 15. Ng1
a6 16. Qb6 Be6 17. Rd1 Rd8 18. Ngf3 Rb8 19. Rc1 Nd7 20. Qe3 Ne7 21. Bb4 Nc5 22.
O-O b6 23. b3 Nc6 24. Bc3 Bh3 25. Rfd1 f5 26. Kh2 Rf8 27. Ng1 f4 28. gxf4 Be6
29. fxe5 Nxe5 30. f4 Ng4+ 31. Bxg4 Bxg4 32. Bxg7 Kxg7 33. Ndf3 Qe6 34. Qd4+ Rf6
35. Re1 Bxf3 36. Nxf3 Qg4 37. e5 Rxf4 38. Qxd6 Qxf3 39. Qc7+ Rf7 40. Qxb8 Qf2+
41. Kh1 Qxh4+ 42. Kg1 Qg3+ 43. Kh1 Qf3+ 44. Kg1 Qg3+ 45. Kh1 Nd3 46. Rf1 Nf2+
47. Rxf2 Qxf2 48. e6 Qh4+ 49. Kg1 Qg4+ 50. Kh1 Qxe6 51. Qg3 Qe4+ 52. Kg1 Qd4+
53. Kh1 h5 54. Rg1 Qe4+ 55. Qg2 Rf4 56. Qxe4 Rxe4 57. Rd1 Kf6 58. Kg2 g5 59.
Kf3 Re6 60. Rd5 Kg6 61. b4 Rc6 62. c5 bxc5 63. bxc5 Kf6 64. Ke4 a5 65. Rf5+ Kg6
66. Rd5 Re6+ 67. Kd4 h4 68. Rd8 Kf6 69. Kd5 Re2 70. Rh8 Rd2+ 71. Kc6 Rxa2 72.
Kb6 Rb2+ 73. Kxa5 Kf5 74. c6 Kf4 75. c7 Rc2 76. c8=Q Rxc8 77. Rxc8 h3 78. Rh8
Kg3 79. Kb4 g4 80. Kc3 h2 81. Kd3 Kg2 82. Ke3 g3 83. Kf4 h1=Q 84. Rxh1 Kxh1 85.
Kxg3
1/2-1/2

[Event "Bergens SK Vårturnering 2023"]
[Site "Bergens Schakklub"]
[Date "2023.02.14"]
[Round "6"]
[White "Høyforsslett, Gard Rye"]
[Black "Christoffersen, Odd"]
[Result "1-0"]
[WhiteElo "1798"]
[BlackElo "1510"]
[PlyCount "99"]
[EventDate "2023.??.??"]

1. e4 e6 2. d4 d5 3. Nd2 dxe4 4. Nxe4 Nf6 5. Bg5 Be7 6. Bxf6 Bxf6 7. Nf3 c6 8.
c3 b6 9. Qc2 Be7 10. Ne5 Bb7 11. O-O-O Nd7 12. Be2 Nf6 13. Bf3 h6 14. Nxc6 Qc7
15. Ne5 O-O 16. Nxf6+ Bxf6 17. Bxb7 Qxb7 18. f4 Rfd8 19. Nd3 Rac8 20. Ne5 Bxe5
21. dxe5 Qc7 22. Qe4 b5 23. Rxd8+ Rxd8 24. Rd1 Rxd1+ 25. Kxd1 g6 26. Ke2 Kg7
27. Qd4 Qb7 28. Kf2 h5 29. b3 a6 30. h3 Qb8 31. a3 a5 32. Kg3 Qb7 33. Kh2 Qc6
34. c4 a4 35. cxb5 Qxb5 36. Qxa4 Qf1 37. Qc4 Qe1 38. Qb4 Qe3 39. a4 g5 40. fxg5
Qxe5+ 41. Kg1 Qxg5 42. Qc3+ e5 43. a5 f6 44. a6 e4 45. a7 Qd5 46. Qg3+ Kf7 47.
Qb8 e3 48. a8=Q Qd1+ 49. Kh2 e2 50. Qe8+
1-0

[Event "Bergens SK Vårturnering 2023"]
[Site "Bergens Schakklub"]
[Date "2023.02.14"]
[Round "6"]
[White "Fossheim, Yngve Götestam"]
[Black "Bjarnason, Snorri Vikanes"]
[Result "1-0"]
[WhiteElo "2038"]
[BlackElo "1676"]
[PlyCount "157"]
[EventDate "2023.??.??"]

1. g3 c5 2. Bg2 Nf6 3. e4 Nc6 4. Ne2 d5 5. exd5 Nxd5 6. O-O Bg4 7. h3 Bh5 8. g4
Bg6 9. Nbc3 Nxc3 10. bxc3 e6 11. Rb1 Qc7 12. d4 Bd6 13. Be3 Rd8 14. Qc1 O-O 15.
dxc5 Be7 16. Nd4 e5 17. Rxb7 Qxb7 18. Nxc6 Rc8 19. Nxe5 Qb5 20. c4 Qa4 21. c6
Bxc2 22. Bd5 Bd6 23. Nd7 Rfe8 24. Bd4 Bg6 25. Qa1 Re2 26. Bxg7 Qa3 27. Bh8 Bf8
28. Bd4 Qxh3 29. Bg2 Qa3 30. Nxf8 Qxf8 31. Qd1 Ree8 32. Qf3 Qd6 33. Ba1 Be4 34.
Qc3 f6 35. f3 Bxc6 36. Qxf6 Qxf6 37. Bxf6 Re2 38. Rf2 Rce8 39. Bf1 R2e3 40. Bd4
Rxf3 41. Bxa7 Ra8 42. Bd4 Rxf2 43. Kxf2 Rxa2+ 44. Ke3 Ra3+ 45. Kd2 Rg3 46. Be2
Bd7 47. c5 Kf7 48. Bd3 Rxg4 49. Ke3 Rg3+ 50. Ke2 h5 51. Bf2 Rg5 52. Be4 Re5 53.
Kf3 Bf5 54. Bb7 Bg4+ 55. Kg2 Re2 56. Kf1 Rc2 57. Kg2 Ke6 58. Kg3 Rc3+ 59. Kf4
Be2 60. Bc8+ Kf7 61. Bb7 Rc4+ 62. Ke3 Rc2 63. Kf4 Kf6 64. Be4 Bd3 65. Bd4+ Ke6
66. Bxd3 Rc1 67. Be3 Rc3 68. Bf5+ Ke7 69. Ke4 h4 70. Kd4 Ra3 71. Bg5+ Ke8 72.
c6 Ra7 73. Bxh4 Rg7 74. Ke5 Ra7 75. Kd6 Ra6 76. Bd7+ Kf7 77. Be6+ Ke8 78. Bc4
Ra8 79. c7
1-0

[Event "Bergens SK Vårturnering 2023"]
[Site "Bergens Schakklub"]
[Date "2023.02.14"]
[Round "6"]
[White "Agustsson, Hafsteinn"]
[Black "Aagedal, Geir Ole"]
[Result "1-0"]
[WhiteElo "1762"]
[BlackElo "1674"]
[PlyCount "113"]
[EventDate "2023.??.??"]

1. e4 c5 2. Nf3 g6 3. d4 cxd4 4. Nxd4 Bg7 5. c4 Nc6 6. Be3 Nf6 7. Nc3 O-O 8.
Be2 d6 9. O-O Ne5 10. f3 Bd7 11. Qd2 Re8 12. Rac1 Rc8 13. b3 Qa5 14. Rfd1 a6
15. Rb1 Nc6 16. Nxc6 bxc6 17. b4 Qc7 18. c5 dxc5 19. Bxc5 Rcd8 20. Bxa6 Bc8 21.
Qe2 Bxa6 22. Qxa6 Nd7 23. Bd4 Bxd4+ 24. Rxd4 Qf4 25. Qe2 Qf6 26. Rbd1 Rb8 27.
Qe3 Ne5 28. f4 Ng4 29. Qf3 e5 30. fxe5 Qh4 31. h3 Nxe5 32. Qf2 Qe7 33. a3 Rbd8
34. a4 Rxd4 35. Qxd4 Qg5 36. Kh1 Qg3 37. Ne2 Qb3 38. a5 Rb8 39. Rc1 Nd3 40. Rc3
Qb1+ 41. Kh2 Nxb4 42. Qd6 Re8 43. Ng3 Qe1 44. Qxb4 h5 45. h4 Rd8 46. Rc4 Qd1
47. Rxc6 Qg4 48. Qe7 Rd3 49. Qg5 Rxg3 50. Qxg4 Rxg4 51. a6 Rxh4+ 52. Kg3 Rxe4
53. Rc8+ Kg7 54. a7 Ra4 55. a8=Q Rxa8 56. Rxa8 Kh6 57. Kf4
1-0

[Event "Bergens SK Vårturnering 2023"]
[Site "Bergens Schakklub"]
[Date "2023.02.14"]
[Round "6"]
[White "Sviland, Atle"]
[Black "Myny, Sigur H"]
[Result "1/2-1/2"]
[WhiteElo "1702"]
[BlackElo "1603"]
[PlyCount "72"]
[EventDate "2023.??.??"]

1. Nf3 c5 2. g3 g6 3. c4 Bg7 4. Nc3 Nc6 5. Bg2 d6 6. d3 e5 7. O-O Nge7 8. Bg5
h6 9. Be3 O-O 10. Qd2 Nf5 11. Nd5 Nxe3 12. fxe3 Be6 13. Nh4 Kh7 14. Rf2 f5 15.
Raf1 Ne7 16. e4 Bxd5 17. cxd5 f4 18. e3 g5 19. Nf5 Nxf5 20. exf5 Kg8 21. Be4
fxe3 22. Qxe3 Qf6 23. Qf3 Rf7 24. Qh5 Kh8 25. Rg2 Rg8 26. h4 Bf8 27. Rff2 Rfg7
28. hxg5 Rxg5 29. Qh3 Kg7 30. g4 Be7 31. Qf3 Kh7 32. Rg3 Bd8 33. Rh2 Kg7 34.
Kf1 Kf7 35. Ke2 Rh8 36. Rgh3 Kg7
1/2-1/2

[Event "Bergens SK Vårturnering 2023"]
[Site "Bergens Schakklub"]
[Date "2023.02.14"]
[Round "6"]
[White "Hitland, Adrian"]
[Black "Wiger-Nordås, Felix"]
[Result "0-1"]
[WhiteElo "1529"]
[BlackElo "1498"]
[PlyCount "82"]
[EventDate "2023.??.??"]

1. e4 e5 2. Nf3 Nc6 3. d4 exd4 4. Bc4 Nf6 5. e5 d5 6. Bb5 Nd7 7. O-O Bc5 8. Bg5
Be7 9. Bxe7 Nxe7 10. Qxd4 O-O 11. Nc3 c6 12. Bd3 Re8 13. Qh4 Nf8 14. Rfe1 Bf5
15. Nd4 Bxd3 16. cxd3 Neg6 17. Qxd8 Raxd8 18. Nf3 d4 19. Nb1 Rd5 20. Kf1 Nxe5
21. Nbd2 Re6 22. Nxe5 Rdxe5 23. Nf3 Rxe1+ 24. Rxe1 Rxe1+ 25. Kxe1 Ne6 26. b4
Kf8 27. g3 Ke7 28. Ne5 Ng5 29. Ke2 f6 30. Nc4 b6 31. f4 Nf7 32. Kf3 Nd6 33. Nd2
Ke6 34. Nb3 Kd5 35. a4 c5 36. b5 c4 37. Nc1 Kc5 38. dxc4 Kxc4 39. g4 Kb4 40.
Ne2 d3 41. Nd4 Nc4
0-1

[Event "Bergens SK Vårturnering 2023"]
[Site "Bergens Schakklub"]
[Date "2023.02.21"]
[Round "7"]
[White "Bjarnason, Snorri Vikanes"]
[Black "Manne, Per Erik"]
[Result "0-1"]
[WhiteElo "1676"]
[BlackElo "2186"]
[PlyCount "88"]
[EventDate "2023.??.??"]

1. c4 Nf6 2. Nf3 g6 3. Nc3 Bg7 4. e4 d6 5. d4 O-O 6. Be2 Nbd7 7. O-O e5 8. h3
exd4 9. Nxd4 Nc5 10. Bf3 Re8 11. Re1 a5 12. b3 Nfd7 13. Bb2 c6 14. Qd2 Qh4 15.
Bg4 Ne5 16. g3 Qh6 17. Qxh6 Bxh6 18. Bxc8 Raxc8 19. Rab1 Ned3 20. Re2 Bg7 21.
e5 dxe5 22. Nc2 Nxb2 23. Rxb2 e4 24. Nd1 Bxb2 25. Nxb2 Rcd8 26. Ne3 Nd3 27. g4
Nxb2 28. Rxb2 Rd3 29. a3 Red8 30. b4 a4 31. b5 Rb3 32. Ra2 cxb5 33. cxb5 Rxb5
34. h4 f5 35. gxf5 gxf5 36. Rc2 Rd7 37. Rc4 h5 38. Rxa4 f4 39. Ng2 Rg7 40. Ra8+
Kh7 41. Kf1 f3 42. Ne1 Re7 43. Rc8 Rb1 44. Rc3 Kg6
0-1

[Event "Bergens SK Vårturnering 2023"]
[Site "Bergens Schakklub"]
[Date "2023.02.21"]
[Round "7"]
[White "Christoffersen, Odd"]
[Black "Seymour, Max Bakke"]
[Result "1/2-1/2"]
[WhiteElo "1510"]
[BlackElo "1654"]
[PlyCount "63"]
[EventDate "2023.??.??"]

1. e4 c5 2. Nc3 d6 3. g3 g6 4. Bg2 Bg7 5. Nge2 Nc6 6. d3 e6 7. O-O Rb8 8. a4 a6
9. Be3 Nd4 10. Qd2 b5 11. axb5 axb5 12. Rfb1 h5 13. Bxd4 cxd4 14. Nd1 Ne7 15.
Ra2 Nc6 16. Rba1 h4 17. Ra8 hxg3 18. hxg3 Bb7 19. Rxb8 Qxb8 20. c3 e5 21. cxd4
exd4 22. f4 Kd7 23. Qc2 f5 24. Qb3 Ne7 25. Qxb5+ Bc6 26. Qxb8 Rxb8 27. Ra2 Bb5
28. Nf2 Nc6 29. exf5 gxf5 30. Bxc6+ Bxc6 31. Ra7+ Rb7 32. Rxb7+
1/2-1/2

[Event "Bergens SK Vårturnering 2023"]
[Site "Bergens Schakklub"]
[Date "2023.02.21"]
[Round "7"]
[White "Flaten, Siver"]
[Black "Texe, Eirik"]
[Result "0-1"]
[WhiteElo "1345"]
[BlackElo "1592"]
[PlyCount "72"]
[EventDate "2023.??.??"]

1. e4 c5 2. Nc3 d6 3. f4 g6 4. Nf3 Bg7 5. d4 cxd4 6. Nxd4 Nc6 7. Be3 Nf6 8. h3
Bd7 9. g4 Rc8 10. f5 Ne5 11. Qd2 Qa5 12. Be2 a6 13. Bh6 Bxh6 14. Qxh6 Rxc3 15.
Qd2 Rc5 16. b4 Nxe4 17. bxa5 Nxd2 18. Kxd2 Nc6 19. Nb3 Rd5+ 20. Ke3 gxf5 21.
Rab1 Re5+ 22. Kf2 O-O 23. Bd3 Nb4 24. Nd4 Nxd3+ 25. cxd3 Rxa5 26. Rxb7 Rxa2+
27. Ke3 Rd8 28. Nxf5 Bxf5 29. gxf5 Kg7 30. Rxe7 Kf6 31. Re4 Ra5 32. Rh4 Re8+
33. Re4 Rae5 34. Rc1 Kxf5 35. Rf1+ Ke6 36. Ra1 Ra8
0-1

[Event "Bergens SK Vårturnering 2023"]
[Site "Bergens Schakklub"]
[Date "2023.02.21"]
[Round "7"]
[White "Larsen, Stig Børje"]
[Black "Høyforsslett, Gard Rye"]
[Result "1-0"]
[WhiteElo "1734"]
[BlackElo "1798"]
[PlyCount "139"]
[EventDate "2023.??.??"]

1. d4 d5 2. Bf4 c6 3. e3 Qb6 4. Nd2 Qxb2 5. c4 e6 6. Ngf3 Nf6 7. Be2 Qb6 8. O-O
Be7 9. Ne5 O-O 10. Kh1 Nbd7 11. Bd3 Nxe5 12. dxe5 Nd7 13. Qc2 f5 14. Nf3 Nc5
15. Bg5 Qd8 16. Bxe7 Qxe7 17. Nd4 Nxd3 18. Qxd3 Bd7 19. Rab1 b6 20. cxd5 exd5
21. f4 c5 22. Nb5 Bc6 23. Nd6 Qe6 24. Rf2 Rad8 25. Qa3 Rd7 26. Qb3 Kh8 27. Kg1
g5 28. Rd1 g4 29. Rfd2 Rb8 30. Qd3 Rf8 31. Qb3 h5 32. Qc3 h4 33. Rc1 h3 34. g3
Kh7 35. Kf2 Rfd8 36. Qa3 Rxd6 37. exd6 d4 38. Rxd4 cxd4 39. Rxc6 Re8 40. Rc7+
Kg6 41. d7 dxe3+ 42. Ke2 Rd8 43. Qxa7 Qe4 44. Qxb6+ Kf7 45. Qb3+ Ke7 46. Qxe3
Qxe3+ 47. Kxe3 Kd6 48. Ra7 Kc6 49. Kd4 Kb6 50. Ra3 Rxd7+ 51. Ke5 Rf7 52. Rd3
Ra7 53. Kxf5 Rxa2 54. Kxg4 Rxh2 55. Rd6+ Kc5 56. Rh6 Kd5 57. Rxh3 Rg2 58. Kf5
Kd6 59. g4 Ke7 60. Rh7+ Kf8 61. g5 Ra2 62. g6 Kg8 63. Rb7 Ra5+ 64. Kf6 Ra8 65.
f5 Kf8 66. Rd7 Kg8 67. Ke6 Rb8 68. f6 Ra8 69. Ke7 Kh8 70. Rd8+
1-0

[Event "Bergens SK Vårturnering 2023"]
[Site "Bergens Schakklub"]
[Date "2023.03.07"]
[Round "8"]
[White "Hitland, Adrian"]
[Black "Texe, Eirik"]
[Result "1-0"]
[WhiteElo "1529"]
[BlackElo "1592"]
[PlyCount "125"]
[EventDate "2023.??.??"]

1. e4 c5 2. Nc3 d6 3. g3 g6 4. Bg2 Bg7 5. Nge2 Nc6 6. f4 e6 7. d3 Nge7 8. Be3
Nd4 9. Bxd4 cxd4 10. Nb1 Qb6 11. b3 f5 12. Nd2 fxe4 13. Bxe4 O-O 14. Nc4 Qc5
15. Bg2 e5 16. Qd2 a5 17. O-O e4 18. Kh1 e3 19. Qc1 Bg4 20. Re1 b5 21. Qa3 bxc4
22. Qxc5 dxc5 23. Bxa8 Rxa8 24. bxc4 Bf3+ 25. Kg1 Rb8 26. Kf1 Rb2 27. Rec1 Kf7
28. a3 Bc6 29. Rab1 Rxb1 30. Rxb1 Ke6 31. Rc1 Nf5 32. c3 dxc3 33. Nxc3 Nd4 34.
Ne4 Bf8 35. Re1 Bxe4 36. dxe4 e2+ 37. Kf2 Bd6 38. Rb1 Bc7 39. a4 Kd7 40. e5 Kc6
41. h4 h6 42. Rh1 Bd8 43. g4 Kc7 44. h5 gxh5 45. Rxh5 e1=Q+ 46. Kxe1 Bh4+ 47.
Kd1 Bg3 48. f5 Bxe5 49. Rxh6 Nf3 50. Ke2 Ng5 51. Rg6 Ne4 52. Re6 Nc3+ 53. Kd3
Bd4 54. f6 Kd7 55. Re7+ Kd6 56. g5 Nxa4 57. Re8 Nb2+ 58. Ke4 Nxc4 59. f7 Bg7
60. Rg8 Ke7 61. Rxg7 Kf8 62. Rh7 Nd6+ 63. Ke5
1-0

[Event "Bergens SK Vårturnering 2023"]
[Site "Bergens Schakklub"]
[Date "2023.03.07"]
[Round "8"]
[White "Larsen, Stig Børje"]
[Black "Selbekk, Vebjørn"]
[Result "0-1"]
[WhiteElo "1734"]
[BlackElo "1865"]
[PlyCount "68"]
[EventDate "2023.??.??"]

1. d4 d6 2. Nc3 Nf6 3. e4 g6 4. Bf4 Bg7 5. Nf3 O-O 6. Be2 c6 7. Qd2 Nbd7 8. e5
Nh5 9. exd6 Nxf4 10. Qxf4 exd6 11. Qxd6 Qb6 12. O-O-O Rd8 13. Bc4 Ne5 14. Qxd8+
Qxd8 15. Nxe5 Bxe5 16. dxe5 Qg5+ 17. Kb1 Bf5 18. g3 Rd8 19. f4 Rxd1+ 20. Rxd1
Qh5 21. Rd2 Qf3 22. Bd3 Qh1+ 23. Rd1 Qxh2 24. Bxf5 gxf5 25. Rd3 Qg1+ 26. Nd1 c5
27. b3 b5 28. c4 Qf1 29. Kc2 Qe2+ 30. Rd2 Qe4+ 31. Kb2 bxc4 32. bxc4 Qxc4 33.
Ne3 Qb4+ 34. Kc1 Qa3+
0-1

[Event "Bergens SK Vårturnering 2023"]
[Site "Bergens Schakklub"]
[Date "2023.03.07"]
[Round "8"]
[White "Engelsen, Teodor Tenfjord"]
[Black "Fossheim, Yngve Götestam"]
[Result "1/2-1/2"]
[WhiteElo "1780"]
[BlackElo "2038"]
[PlyCount "98"]
[EventDate "2023.??.??"]

1. c4 e6 2. d4 d5 3. Nc3 Nf6 4. Nf3 c6 5. cxd5 exd5 6. Bg5 Be7 7. e3 Ne4 8.
Bxe7 Qxe7 9. Nxe4 dxe4 10. Nd2 O-O 11. Be2 Nd7 12. Qc2 Nf6 13. Qc5 Qd8 14. O-O
Be6 15. Bc4 Bd5 16. Bxd5 cxd5 17. Rac1 b6 18. Qc7 Rc8 19. Qxc8 Qxc8 20. Rxc8
Rxc8 21. Nb3 Kf8 22. Rc1 Rxc1+ 23. Nxc1 Ke7 24. Ne2 g5 25. Nc3 a6 26. f3 exf3
27. gxf3 Ke6 28. e4 dxe4 29. fxe4 b5 30. a3 Nd7 31. Kf2 f5 32. Ke3 Nf6 33.
exf5+ Kxf5 34. Kf3 g4+ 35. Kg3 Kg5 36. h3 gxh3 37. Kxh3 Kf4 38. Kh4 h6 39. b4
Ke3 40. a4 bxa4 41. Nxa4 Kxd4 42. Nc5 a5 43. Nb3+ Kc4 44. bxa5 Kxb3 45. a6 Ne8
46. a7 Nc7 47. Kh5 Kb4 48. Kxh6 Kb5 49. a8=Q Nxa8
1/2-1/2

[Event "Bergens SK Vårturnering 2023"]
[Site "Bergens Schakklub"]
[Date "2023.03.07"]
[Round "8"]
[White "Bjarnason, Snorri Vikanes"]
[Black "Christoffersen, Odd"]
[Result "1/2-1/2"]
[WhiteElo "1676"]
[BlackElo "1510"]
[PlyCount "76"]
[EventDate "2023.??.??"]

1. c4 e6 2. e3 d5 3. Nf3 Nf6 4. b3 Nbd7 5. Bb2 b6 6. cxd5 exd5 7. Bb5 Bd6 8.
Bc6 Rb8 9. Nc3 Bb7 10. Nd4 O-O 11. Bxb7 Rxb7 12. Nf5 Bc5 13. Nxd5 c6 14. Nxf6+
Nxf6 15. Qf3 Ne8 16. Qg4 f6 17. Qc4+ Qd5 18. d4 Qxc4 19. bxc4 Bb4+ 20. Ke2 g6
21. a3 Ba5 22. Ng3 Rd7 23. Rhd1 Nc7 24. e4 Re8 25. f3 Kf7 26. d5 cxd5 27. cxd5
Rxd5 28. Rac1 Rc5 29. Rd7+ Re7 30. Rxc5 Rxd7 31. Rc2 Ne6 32. Ke3 b5 33. h4 Bb6+
34. Ke2 Nf4+ 35. Ke1 Ba5+ 36. Kf2 Bb6+ 37. Ke1 Ba5+ 38. Kf2 Bb6+
1/2-1/2

[Event "Bergens SK Vårturnering 2023"]
[Site "Bergens Schakklub"]
[Date "2023.03.07"]
[Round "8"]
[White "Sneeggen, Espen"]
[Black "Myny, Sigur H"]
[Result "1/2-1/2"]
[WhiteElo "1744"]
[BlackElo "1603"]
[PlyCount "60"]
[EventDate "2023.??.??"]

1. d4 d5 2. Nf3 Nf6 3. Bf4 c5 4. e3 Nc6 5. Nbd2 Qb6 6. dxc5 Qxb2 7. Rb1 Qc3 8.
Bb5 e6 9. O-O Be7 10. Ne5 Qxc5 11. c4 dxc4 12. Qa4 Bd7 13. Ndxc4 O-O 14. Rfc1
a6 15. Bxc6 Bxc6 16. Nxc6 Qxc6 17. Qxc6 bxc6 18. Nb6 Rad8 19. Rxc6 Rd2 20. a4
Ra2 21. f3 h6 22. Nc8 Nd5 23. Nxe7+ Nxe7 24. Rxa6 Nd5 25. Bd6 Rc8 26. e4 Nc3
27. Rb8 Rxb8 28. Bxb8 Rxa4 29. Rxa4 Nxa4 30. Be5 Nc5
1/2-1/2

[Event "Bergens SK Vårturnering 2023"]
[Site "Bergens Schakklub"]
[Date "2023.03.14"]
[Round "9"]
[White "Seymour, Max Bakke"]
[Black "Bjarnason, Snorri Vikanes"]
[Result "0-1"]
[WhiteElo "1654"]
[BlackElo "1676"]
[PlyCount "88"]
[EventDate "2023.??.??"]

1. c4 c5 2. Nf3 Nf6 3. Nc3 d5 4. cxd5 Nxd5 5. e4 Nb4 6. Ne5 N8c6 7. Nxc6 Nxc6
8. Bb5 Bd7 9. Bxc6 Bxc6 10. O-O Qd3 11. Re1 Rd8 12. Qe2 Qd7 13. a4 e5 14. Qh5
Qe6 15. Nb5 Bd6 16. Nxa7 Bd7 17. Nb5 Ra8 18. Nxd6+ Qxd6 19. b3 O-O 20. Bb2 f6
21. Bc3 Be6 22. Re3 g6 23. Qd1 Rfd8 24. h4 Qa6 25. h5 Kg7 26. Qb1 b5 27. axb5
Qxb5 28. Rxa8 Rxa8 29. Qb2 Qd7 30. f4 exf4 31. Bxf6+ Kg8 32. Rf3 Rb8 33. hxg6
hxg6 34. Be5 Rb4 35. Bxf4 Rxe4 36. Bh6 Kh7 37. Bg5 Qd5 38. Rf8 Bg8 39. Qc3 Qxg5
40. Qh3+ Qh4 41. Qd7+ Re7 42. Qh3 Re1+ 43. Kh2 Qxh3+ 44. Kxh3 Bxb3 
0-1

[Event "Bergens SK Vårturnering 2023"]
[Site "Bergens Schakklub"]
[Date "2023.03.14"]
[Round "9"]
[White "Wiger-Nordås, Felix"]
[Black "Larsen, Stig Børje"]
[Result "1-0"]
[WhiteElo "1498"]
[BlackElo "1734"]
[PlyCount "77"]
[EventDate "2023.??.??"]

1. e4 c6 2. d4 d5 3. exd5 cxd5 4. c4 Nf6 5. Nc3 Nc6 6. cxd5 Nxd5 7. Bc4 Nb6 8.
Bb5 e6 9. Nf3 Bd7 10. O-O Be7 11. Be3 O-O 12. Bd3 Nb4 13. Bb1 Bc6 14. a3 N4d5
15. Ne5 Rc8 16. Qd3 f5 17. Nxc6 Rxc6 18. Ba2 Nf6 19. Qxf5 Nfd5 20. Qd3 Nxc3 21.
bxc3 Nd5 22. Bd2 Bg5 23. Bxd5 exd5 24. Bxg5 Qxg5 25. Rab1 Rfc8 26. Rxb7 Rxc3
27. Qa6 Rc1 28. Rb1 R1c7 29. Qe6+ Kh8 30. Qe5 Qd8 31. Rfe1 h6 32. h3 Rc2 33.
Rb7 Qf8 34. f3 Ra2 35. Qe7 Rxa3 36. Qxf8+ Rxf8 37. Ree7 Rf4 38. Rxg7 Rxd4 39.
Rgd7 
1-0